000 00608nam a2200181 a 4500
008 960412s1996 m yxo rd 0 slo c
020 _a8096756346
_c10
040 _aSNK
_bslo
_cSNK
_eAACR2
041 1 _aslo
044 _axo
_cSK
080 _a627.8(282.243.73)(082)
245 1 0 _aAj tak(to) sme stavali sústavu vodných diel Gabčíkovo - Nagymaros
_bzborník spomienok
260 _a[Bratislava]
_bAFA
_c1996
300 _a202 s.
_bFotogr.
_c21 cm
504 _aBiogr. údaje
651 0 7 _aGabčíkovo-Nagymaros (Slovensko a Maďarsko : vodné dielo)
_xvýstavba
_xspomienky
_xzborníky
_2SNK
958 _aAPP
999 _c15276
_d15276